Open Journal for Legal Studies

Bibliographic Details
Format: eBook
Language:English
Subjects:
Online Access:Acceso restringido

MARC

LEADER 00000nam a22000007a 4500
005 20220412211647.0
007 cr|||| ||||
008 220412c20189999cs fr|w s|||| 0|||b1eng d
022 |a 2620-0619 
035 |a 33122 
040 |a vLex 
090 |c 13170  |d 13170 
245 0 0 |a Open Journal for Legal Studies  |h [Recurso electrn̤ico] / 
256 |a Servicio en ln̕ea 
300 |a 1 recurso electrn̤ico 
310 |a Semestral 
362 |a Nð 1-1 (Jul. 2018) - 
506 1 |a Disponible solo en los productos indicados  |d vLex Global  |d vLex Global (Academic Edition, excluding Law Schools)  |d vLex Global (U.S. Academic Edition, Law Schools)  |d vLex Global (U.S. Academic Edition, excluding Law Schools)  |d vLex Global (Academic Edition, Law Schools) 
650 0 4 |a Derecho Pb︢lico y Administrativo  |z Serbia y Montenegro 
740 0 |a vLex Revistas (Servicio en ln̕ea) 
856 4 0 |u https://app.vlex.com/#/sources/33122  |z Acceso restringido 
942 |c REV 
999 0 |a Public and Administrative Law